Loading...
Group processes and intergroup relations
| Other Authors: | |
|---|---|
| Format: | Printed Book |
| Language: | Undetermined |
| Published: |
London
SAGE publications
1987
|
| LEADER | 00532nam a2200145Ia 4500 | ||
|---|---|---|---|
| 008 | 161229s9999 xx 000 0 und d | ||
| 020 | |a 0803930909 | ||
| 082 | |a 150 HEN/GR | ||
| 245 | |a Group processes and intergroup relations | ||
| 260 | |b SAGE publications |a London |c 1987 | ||
| 300 | |a 256 | ||
| 700 | |a Hendrick, Clyde ,ed. | ||
| 942 | |c BK | ||
| 999 | |c 151746 |d 151746 | ||
| 952 | |0 0 |1 0 |4 0 |6 150_000000000000000_HENGR |7 0 |9 150802 |a KAUCLV |b KAUCLV |d 2016-12-29 |o 150 HEN/GR |p 903055 |r 2016-12-29 |w 2016-12-29 |y BK |z Book transferred from CCBM Library ,Acc.No:1401 | ||